<?xml version="1.0" encoding="UTF-8"?>
<marc:record xmlns:marc="http://www.loc.gov/MARC21/slim">
   <marc:leader>00000nam a2200000 a 4500</marc:leader>
   <marc:datafield ind1="0" ind2="0" tag="245">
      <marc:subfield code="a">Rica und der geheimnisvolle Stern</marc:subfield>
   </marc:datafield>
   <marc:datafield ind1="0" ind2="0" tag="245">
      <marc:subfield code="b">ein Folien-Adventkalender zum Vorlesen und Gestalten eines Fensterbildes</marc:subfield>
   </marc:datafield>
   <marc:datafield ind1="0" ind2="0" tag="245">
      <marc:subfield code="c">Kristin Lückel . Ill. v. Johanna Ignjatovic</marc:subfield>
   </marc:datafield>
   <marc:datafield ind1=" " ind2="1" tag="264">
      <marc:subfield code="a">Lahr</marc:subfield>
      <marc:subfield code="b">Kaufmann Verl.</marc:subfield>
      <marc:subfield code="c">2013</marc:subfield>
   </marc:datafield>
   <marc:datafield ind1=" " ind2=" " tag="250">
      <marc:subfield code="a">1. Aufl.</marc:subfield>
   </marc:datafield>
   <marc:datafield ind1="1" ind2=" " tag="520">
      <marc:subfield code="a">Das neugierige kleine Schaf Rica sieht einen hell leuchtenden Stern am Nachthimmel und spürt sofort, dass dieser etwas ganz Besonderes ist. Rica möchte sich am liebsten gleich auf die Suche machen und herausfinden, warum der Stern so besonders ist. Doch erst muss sie den Tieren im Wald helfen, einen ungewöhnlichen Dieb aufzuspüren. Ab 4 J.</marc:subfield>
   </marc:datafield>
   <marc:datafield ind1=" " ind2=" " tag="020">
      <marc:subfield code="a">9783780608758</marc:subfield>
      <marc:subfield code="9">9783780608758</marc:subfield>
   </marc:datafield>
   <marc:datafield ind1=" " ind2=" " tag="020">
      <marc:subfield code="a">3780608758</marc:subfield>
      <marc:subfield code="9">3780608758</marc:subfield>
   </marc:datafield>
   <marc:datafield ind1=" " ind2=" " tag="300">
      <marc:subfield code="a">[28] S. : zahlr. Ill.</marc:subfield>
   </marc:datafield>
</marc:record>
